Movies Quiz

Random Movies or Oscar Quiz

Best Picture Minefield Quiz Stats

 Plays Quiz Updated Apr 20, 2019

Score 0/30 Timer 07:00
7 Plays Today
% Correct
???
37.6%
???
37.5%
???
35.2%
???
35%
???
34.6%
???
33%
???
32.7%
???
32.6%
???
32.1%
???
31.2%
???
30.8%
???
30.5%
???
30.2%
???
29.9%
???
28.6%
% Correct
???
28.4%
???
27.6%
???
26.8%
???
24.9%
???
22.1%
???
21.6%
???
21%
???
19.5%
???
17.9%
???
17.5%
???
17%
???
17%
???
16.4%
???
15.3%
???
15.1%

You're not logged in!

Compare scores with friends on all Sporcle quizzes.
OR
Log In

Show Comments

Extras

Top Quizzes Today


Score Distribution

Your Account Isn't Verified!

In order to create a playlist on Sporcle, you need to verify the email address you used during registration. Go to your Sporcle Settings to finish the process.

Report this User

Report this user for behavior that violates our Community Guidelines.

Details: